000 00842nam a22002897a 4500
001 BR6002667
003 BR-BrBNA
005 20230928083133.0
007 ta
008 230509b bl.||||| |||| 00| 0 por d
040 _aBR-BrBNA
_bpor
_cBiblioteca Nacional de Agricultura
041 _a(Por)
072 _aF00; E15
_b0120
_b/G514
090 _ 0120 BR6002667
100 1 _aCorreia Filho, F.
110 1 _aAssociacao de Credito e Assistencia Rural do Estado do Maranhao, Sao Luis (Brasil)
_9490
245 1 _aExploracao racional da cultura do milho no Maranhao [Brasil]
260 3 _aSao Luis, MA (Brasil):
_c1974.
300 _a21 p.
500 _a1 Map 14x22 cm
650 _aPRODUCAO VEGETAL
650 _aPREVISAO DE SAFRA
650 _aMILHO
650 _aMARANHAO
909 _a202309
_bLucia
_c55
_dLucia Elande
942 _cBK
999 _c11766
_d11766